Normal view MARC view
  • University of Michigan.

Entry Corporate Name

Number of records used in: 2

001 - CONTROL NUMBER

  • control field: 13837

003 - CONTROL NUMBER IDENTIFIER

  • control field: NUST

005 - DATE AND TIME OF LATEST TRANSACTION

  • control field: 20190312080449.0

008 - FIXED-LENGTH DATA ELEMENTS

  • fixed length control field: 190312|| aca||aabn | a|a d

040 ## - CATALOGING SOURCE

  • Original cataloging agency: NUST
  • Transcribing agency: NUST

110 ## - HEADING--CORPORATE NAME

  • Corporate name or jurisdiction name as entry element: University of Michigan.
  • Subordinate unit: Graduate School of Business Administration.

670 ## - SOURCE DATA FOUND

  • Source citation: Work cat.: (NUST)0: Human resource management.
© 2023 Central Library, National University of Sciences and Technology. All Rights Reserved.